000 00814nam a2200193 i 4500
001 163078
003 ES-MaACL
005 20230906212650.0
008 931025s1795 sp f |||| | spa d
245 0 0 _aOrdenanzas para el gobierno del Real Sitio de Aranjuez.
260 _aMadrid :
_ben la Imprenta Real,
_c1795.
300 _a272, [4], 275 p., [2] h. de grab. ;
_c4º.
505 8 _aContiene además: Apéndice de varias reales cédulas...
597 _aSign. : ]1, A-Z4, 2A-2L4, 2M1, ]\p1, a-z4, 2a-2l4, 2m2.
597 _aPort. con esc. real xil.
599 _aLa h. de grab. calc.: "Ants. Carnicero delts., Ferds. Selma sculpt.", retratos de Carlos IV y del duque de Alcudia.
650 4 _aOrdenanzas municipales-
_zAranjuez.
_9163544
852 _aES-MaACL
_jR-1582
_z- Enc. piel
_x Olim: G-10621
999 _c163078
_d163078